Výzvy, ktoré nastoluje i globalizácia

Rozvoj ekonomickej vedy a vzdelávania v podmienkach znalostnej spoločnosti. Charakteristika znalostnej ekonomiky. Poslanie fakulty Mateja Bela v súvislosti so znalostnou ekonomikou. Vytváranie znalostí a formovane osobností. Prehodnocovanie kvality štúdia. Vplyv praxe na štúdijné programy.

Na minha lista:
Detalhes bibliográficos
Autor principal: Gúčik, Marián
Formato: Capítulo de Livro
Idioma:eslovaco
Assuntos:
Tags: Adicionar Tag
Sem tags, seja o primeiro a adicionar uma tag!

MARC

LEADER 00000naa$a2200000$$$4500
001 0056025
005 20231016085341.6
041 0 |a slo 
044 |a SK 
245 1 0 |a Výzvy, ktoré nastoluje i globalizácia  |c Marián Gúčik 
520 |a Rozvoj ekonomickej vedy a vzdelávania v podmienkach znalostnej spoločnosti. Charakteristika znalostnej ekonomiky. Poslanie fakulty Mateja Bela v súvislosti so znalostnou ekonomikou. Vytváranie znalostí a formovane osobností. Prehodnocovanie kvality štúdia. Vplyv praxe na štúdijné programy. 
610 2 0 |a ekonomika vedomostná 
610 2 0 |a školy vysoké 
610 2 0 |a kvalita 
610 2 0 |a vyučovanie 
610 2 0 |a študenti 
610 2 0 |a programy študijné 
610 2 0 |a prax odborná 
100 1 |a Gúčik, Marián